Responses for Show #365 - Friday, January 31, 1986

Beryl Arbit game 5.

Contestants

[<< previous game]

Sam Auster, a writer and a director from Los Angeles, California

Garth Sturdevant, a United States Marine Corps major from Encinitas, California

Beryl Arbit, a legal assistant from Encino, California (whose 4-day cash winnings total $41,001)

[next game >>]

Jeopardy! Round responses

TRANSPORTATION
TABLOID TOPICS
(Alex: I just want to explain for you and the gentlemen that the category up there, [*], has to do with tabloids that you could have picked up in the supermarket in a one-week period this past year.)
3-LETTER WORDS
ART TRIVIA
POPEYE
WHAT A "HOOT"
    $100 2
a seatbelt

Garth
    $100 17
Mars

Garth
    $100 4
a den

Beryl
    $100 16
his right hand

Sam
    $100 26
"because I eat my spinach"

Sam
    $100 1
Hooterville

Sam
    $200 3
horses

Beryl
    $200 18
a diet

Beryl
    $200 5
car

Beryl
    $200 19
left

Garth
    $200 27
Olive Oyl

Garth
    $200 12
Hoot Gibson

Beryl
    $300 9
the Suez Canal

Sam
    $300 23
(Alex: We have about a minute to go in the round.)

Siamese twins

Triple Stumper
    $300 6
Pop

Beryl
    $300 20
up

Beryl
    $300 28
Bluto

Beryl
    $300 13
(Beryl: What are hooters?)

hoot owls

Beryl
Triple Stumper
    $400 10
a DeLorean

Garth
    $400 24
Bigfoot

Garth
    $400 7
Rod

Beryl
    $500 21
brown

Beryl
    $400 29
[The end-of-round signal sounds.]

John Philip Sousa

Beryl
    $400 14
a hootchie-cootchie

Beryl
    $500 11
the Columbia

Sam
    $500 25
the Enquirer

Beryl
    $500 8
a bow

Garth
    $500 22
(pocket) watches (clocks accepted)

Sam
    $500 15
hoot and holler

Triple Stumper

Scores at the first commercial break (after clue 15):

Beryl Garth Sam
$1,500 $1,000 $900

Scores at the end of the Jeopardy! Round:

Beryl Garth Sam
$3,700 $1,900 $1,600

Double Jeopardy! Round responses

ANCIENT HISTORY
INVENTORS
ODD ALPHABETS
ACTORS & ROLES
U.S.A.
TOUCH
    $200 4
the Pyramids

Beryl
    $200 18
Alexander Graham Bell

Sam
    $200 2
V

Beryl
    $200 1
Opie

Beryl
    $200 11
the flag

Beryl
    $200 8
CBS

Beryl
    $400 15
Socrates

Garth
    $400 22
(Dr. Richard) Gatling

Beryl
    $400 3
E

Garth
    $400 13
Wheel of Fortune

Beryl
    $400 9
money

Beryl
    $600 16
(Beryl: Who was Caligula?)
...
(Alex: You may hate me for this one. Who was [*] again?)

Socrates

Beryl
Triple Stumper
    $600 23
Yale

Beryl
    $600 5
(Alex: Yes, and I should point out, ladies and gentlemen, that Beryl is an expert in Braille.)

A

Beryl
    $600 14
watermelon

Garth
    $600 10
touch-tone phones

Sam
    $800 17
Janus

Beryl
    $800 24
(Alex: What is the famous Waterman [*]? [*].)

fountain pen

Triple Stumper
    $600 6
the G

Beryl
    $800 27
[The end-of-round signal sounds]

Apollonia

Beryl
    $800 19
(Garth: What is North Carolina?)

the U.S. Virgin Islands

Garth
Triple Stumper
    $1,700 12
(Beryl: Who is Bill Haley and the Comets?)

The Platters

Beryl
    $1000 21
(Alex: We've got about a minute to go in this round.)

temple at Delphi

Triple Stumper
    $1000 25
(George) Pullman

Garth
    $1000 7
T

Beryl
    $1000 26
(Beryl: What is David Chapman?)
...
(Alex: Remember the rule about first names.)

Mark Chapman

Beryl
Triple Stumper
    $1000 20
(Garth: What are telescopes?)
(Alex: Be more specific.)

radio telescopes

Garth

Scores at the end of the Double Jeopardy! Round:

Beryl Garth Sam
$7,000 $4,500 $2,400

[wagering suggestions for these scores]

Final Jeopardy! Round responses

POP MUSIC
SamWho is Nat King Cole?
$2,399
GarthWho is Pat Boone?
$4,500
BerylWho was Pat Boone?
$0
Pat Boone

Final scores:

Beryl Garth Sam
$7,000 $9,000 $1
2nd place: trip to San Francisco New champion: $9,000 3rd place: Shapiro & Son bedspread set

Game dynamics:

Coryat scores:

Beryl Garth Sam
$8,800 $4,500 $2,400
27 R
(including 2 DDs),
4 W
(including 1 DD)
12 R,
1 W
8 R,
0 W

Combined Coryat: $15,700

[game clues] [game scores] [suggest correction]

Game tape date: 1985-09-18
The J! Archive is created by fans, for fans. Scraping, republication, monetization, and malicious use prohibited; this site may use cookies and collect identifying information. See terms. The Jeopardy! game show and all elements thereof, including but not limited to copyright and trademark thereto, are the property of Jeopardy Productions, Inc. and are protected under law. This website is not affiliated with, sponsored by, or operated by Jeopardy Productions, Inc. Join the discussion at JBoard.tv.